Jongste landen ter wereld - Statistieken

Algemene statistieken
  • Deze quiz is 34 keer genomen
  • De gemiddelde score is 6 van 10
Antwoordstatistieken
Land Jaar % Correct
Zuid-Soedan 2011
89%
Kosovo 2008
86%
Servië 2006
79%
Montenegro 2006
71%
Kroatië 1995
61%
Oost-Timor 2002
46%
Slowakije 1993
46%
Tsjechië 1993
39%
Eritrea 1993
32%
Palau 1994
21%
Geen overeenkomende quizzen gevonden
Scoreverdeling
Procent van Mensen met Elke Score
Percentiel versus Aantal Correcte Antwoorden
Uw Scoregeschiedenis
U heeft deze quiz nog niet genomen